<?xml version="1.0" encoding="UTF-8"?><?xml-stylesheet type="text/xsl" href="static/style.xsl"?><OAI-PMH xmlns="http://www.openarchives.org/OAI/2.0/" xmlns:xsi="http://www.w3.org/2001/XMLSchema-instance" xsi:schemaLocation="http://www.openarchives.org/OAI/2.0/ http://www.openarchives.org/OAI/2.0/OAI-PMH.xsd"><responseDate>2026-06-06T19:31:41Z</responseDate><request verb="GetRecord" identifier="oai:riuma.uma.es:10630/34863" metadataPrefix="marc">https://riuma.uma.es/rest/oai/request</request><GetRecord><record><header><identifier>oai:riuma.uma.es:10630/34863</identifier><datestamp>2026-02-03T11:47:54Z</datestamp><setSpec>com_10630_2254</setSpec><setSpec>col_10630_37959</setSpec></header><metadata><record xmlns="http://www.loc.gov/MARC21/slim" xmlns:dcterms="http://purl.org/dc/terms/" xmlns:doc="http://www.lyncode.com/xoai" xmlns:xsi="http://www.w3.org/2001/XMLSchema-instance" xsi:schemaLocation="http://www.loc.gov/MARC21/slim http://www.loc.gov/standards/marcxml/schema/MARC21slim.xsd">
   <leader>00925njm 22002777a 4500</leader>
   <datafield ind2=" " ind1=" " tag="042">
      <subfield code="a">dc</subfield>
   </datafield>
   <datafield ind2=" " ind1=" " tag="720">
      <subfield code="a">Castillo-Aguilar, Juan Jesús</subfield>
      <subfield code="e">author</subfield>
   </datafield>
   <datafield ind2=" " ind1=" " tag="720">
      <subfield code="a">Alcázar-Vargas, Manuel Gonzalo</subfield>
      <subfield code="e">author</subfield>
   </datafield>
   <datafield ind2=" " ind1=" " tag="720">
      <subfield code="a">Pérez-Fernández, Javier</subfield>
      <subfield code="e">author</subfield>
   </datafield>
   <datafield ind2=" " ind1=" " tag="720">
      <subfield code="a">Velasco García, Juan María</subfield>
      <subfield code="e">author</subfield>
   </datafield>
   <datafield ind2=" " ind1=" " tag="720">
      <subfield code="a">Cabrera-Carrillo, Juan Antonio</subfield>
      <subfield code="e">author</subfield>
   </datafield>
   <datafield ind2=" " ind1=" " tag="260">
      <subfield code="c">2021</subfield>
   </datafield>
   <datafield ind2=" " ind1=" " tag="520">
      <subfield code="a">En este trabajo se presenta la experiencia del equipo UMA Racing Team de la Universidad de Málaga en la competición Motostudent. Esta competición consiste en el diseño de una motocicleta de competición por parte de estudiantes universitarios. No sólo se diseña y fabrica la motocicleta, sino que también se debe desarrollar un proyecto industrial para la comercialización de la misma. El proyecto desarrollado es evaluado bajo el punto de vista técnico, económico y también estético por un tribunal externo conformado por expertos del sector. Además, los prototipos son también evaluados en pruebas dinámicas y en una carrera. El equipo UMA Racing Team ha participado en cinco ediciones de esta competición con resultados destacables. Para los alumnos representa una oportunidad de trabajar en un proyecto real con plazos y presupuesto limitado y de exponer el resultado de su trabajo a profesionales que poseen un amplio conocimiento del sector. La interacción entre los estudiantes, las empresas y los profesionales contribuyen a que los participantes alcancen nuevas capacidades y habilidades muy valoradas por las empresas. La experiencia confirma que la incorporación al mercado laboral de los integrantes ha sido muy satisfactoria.</subfield>
   </datafield>
   <datafield ind1="8" ind2=" " tag="024">
      <subfield code="a">https://hdl.handle.net/10630/34863</subfield>
   </datafield>
   <datafield ind1="8" ind2=" " tag="024">
      <subfield code="a">10.26754/CINAIC.2021.0052</subfield>
   </datafield>
   <datafield tag="653" ind2=" " ind1=" ">
      <subfield code="a">Aprendizaje basado en proyectos</subfield>
   </datafield>
   <datafield tag="653" ind2=" " ind1=" ">
      <subfield code="a">Motocicletas - Diseño y construcción</subfield>
   </datafield>
   <datafield ind2="0" ind1="0" tag="245">
      <subfield code="a">UMA Racing Team: una experiencia en participación en competiciones universitarias.</subfield>
   </datafield>
</record>
</metadata></record></GetRecord></OAI-PMH>